000 00786nam a22002177a 4500
999 _c4494
_d4494
003 AR-CdUCM
008 190308b ||||| |||| 00| 0 spa d
040 _aMUNICIPALIDAD PROVINCIAL DEL CUSCO
_cBIBLIOTECA MUNICIPAL DEL CUSCO
082 _a907 /
_bSA26
100 _aSauneron, Serge
_914111
245 _aLa Egiptologia /
260 _aEspaña:
_boikos-tau ,
_c1971.
300 _a127 páginas ;
_c17.5 cm.
440 _a¿qué sé?
_n40
_914112
505 _aContenido : Nacimiento y etapas de la egiptologia -- Las Tareas de la egiptologia -- el presente de la egiptolofia -- El futuro de la egiptologia...
650 _aLa Egiptologia
_914113
650 _aEgiptologia como Ciencia
_914114
650 _aNacimiento de la Egiptologia
_914115
942 _2ddc
_cLIBROS
945 _artm